Loading...
| Auditory Arts | 2 | 15.00 | 50% | 50% | 50% |
| Beliefs | 4 | 12.50 | 100% | 25% | 0% |
| Current Events | 1 | 10.00 | 100% | 0% | 0% |
| Fine Arts - Other Arts | 3 | 13.33 | 100% | 0% | 33% |
| Geography | 1 | 0.00 | 0% | 0% | 0% |
| History - American | 3 | 10.00 | 100% | 0% | 0% |
| History - Ancient | 3 | 13.33 | 33% | 100% | 0% |
| History - European | 1 | 10.00 | 100% | 0% | 0% |
| History - World | 3 | 20.00 | 100% | 67% | 33% |
| Literature - American | 4 | 2.50 | 25% | 0% | 0% |
| Literature - British | 5 | 10.00 | 60% | 40% | 0% |
| Literature - European | 4 | 10.00 | 75% | 0% | 25% |
| Literature - World | 4 | 10.00 | 100% | 0% | 0% |
| Other Academic | 1 | 10.00 | 100% | 0% | 0% |
| Philosophy | 1 | 0.00 | 0% | 0% | 0% |
| Science - Biology | 2 | 15.00 | 100% | 50% | 0% |
| Science - Chemistry | 1 | 10.00 | 100% | 0% | 0% |
| Science - Other | 2 | 5.00 | 50% | 0% | 0% |
| Science - Physics | 5 | 16.00 | 100% | 60% | 0% |
| Social Science | 4 | 17.50 | 100% | 75% | 0% |
| Visual Arts | 3 | 16.67 | 100% | 67% | 0% |